| 000 | 004690000a22001810004500 | ||
|---|---|---|---|
| 020 | _a950-512-083-4 | ||
| 041 | 0 | _aSPA | |
| 082 | 0 | 4 | _aG 289 C3921t |
| 245 | 1 | 0 | _aLas sectas en América Latina / Osvaldo D. Santagada...[et. al.] |
| 250 | _a7 | ||
| 260 | _aBuenos Aires, Argentina : Claretiana | ||
| 300 | _a285 Pag | ||
| 001 | 8911 | ||
| 942 | _cBK | ||
| 999 |
_c39012 _d39012 |
||
| 336 |
_atexto _btxt _2rdacontent |
||
| 337 |
_2rdamedia _asin mediación _bn |
||
| 338 |
_2rdacarrier _avolumen _bnc |
||